[Event "Stari Banovci Vidovdan op"]
[Site "Stari Banovci"]
[Date "2014.06.21"]
[Round "1"]
[White "Vucinic, Gojko"]
[Black "Bozic, Milan J"]
[Result "1-0"]
[WhiteElo "2293"]
[BlackElo "1801"]
[PlyCount "42"]
[EventDate "2014.06.21"]
[EventType "swiss"]
[EventRounds "9"]
[EventCountry "SRB"]
[SourceTitle "CBM 161 Extra"]
[Source "ChessBase"]
[SourceDate "2014.08.29"]
[SourceVersion "1"]
[SourceVersionDate "2014.08.29"]
[SourceQuality "1"]

1. e4 c5 2. Nf3 d6 3. d4 cxd4 4. Nxd4 Nf6 5. Nc3 a6 6. Bg5 e6 7. Qe2 Be7 8. h4 h6 9. Be3 b5 10. a3 Bb7 11. 0-0-0 Nxe4 12. Nxe4 Bxe4 13. Qg4 Bf5 14. Nxf5 exf5 15. Qxg7 Bf6 16. Qg3 Nd7 17. Qxd6 Be5 18. Qd5 Rc8 19. Bd4 Qc7 20. Bd3 Bxd4 21. Qxd4 Ne5 1-0

[Event "SRB-chT 1st League"]
[Site "Serbia"]
[Date "2005.09.30"]
[Round "9.4"]
[White "Bozic, Milan J"]
[Black "Zivkovic, Momcilo"]
[Result "1-0"]
[WhiteElo "2082"]
[BlackElo "2148"]
[PlyCount "97"]
[EventDate "2005.09.25"]
[EventType "team"]
[EventRounds "11"]
[EventCountry "SRB"]
[SourceTitle "EXT 2012"]
[Source "ChessBase"]
[SourceDate "2011.11.24"]
[SourceVersion "1"]
[SourceVersionDate "2011.11.24"]
[SourceQuality "1"]
[WhiteTeam "Sveti Nikolaj Srpski"]
[BlackTeam "Sloga"]
[WhiteTeamCountry "SRB"]
[BlackTeamCountry "SRB"]

1. e4 e6 2. d4 d5 3. Nc3 dxe4 4. Nxe4 Nf6 5. Bg5 Be7 6. Bxf6 Bxf6 7. Nf3 0-0 8. Qd2 b6 9. 0-0-0 Bb7 10. Qf4 Bxe4 11. Qxe4 Qd5 12. Bd3 Qxe4 13. Bxe4 c6 14. c4 Rc8 15. g4 Nd7 16. g5 Be7 17. h4 Bd6 18. Kb1 Rc7 19. Rhe1 Rac8 20. Re2 Re8 21. b3 Rec8 22. Ne1 Nf8 23. Nd3 Rd7 24. h5 Rdd8 25. f4 a5 26. Kc2 Nd7 27. Bg2 Kf8 28. g6 hxg6 29. hxg6 Re8 30. gxf7 Kxf7 31. Bh3 Nf8 32. c5 bxc5 33. dxc5 Be7 34. a3 Bf6 35. b4 Red8 36. Bg2 Rd4 37. Re4 Rxe4 38. Bxe4 Ng6 39. bxa5 Bd4 40. Kb3 Be3 41. Re1 Bd2 42. Bxg6+ Kxg6 43. Rxe6+ Kf7 44. f5 g5 45. Ne5+ Kf8 46. a6 Rc7 47. Rxc6 Ra7 48. f6 Ra8 49. Rc7 1-0

[Event "SRB-chT 1st League"]
[Site "Serbia"]
[Date "2005.09.27"]
[Round "4.4"]
[White "Ikic, Alija"]
[Black "Bozic, Milan J"]
[Result "1/2-1/2"]
[WhiteElo "2106"]
[BlackElo "2082"]
[PlyCount "145"]
[EventDate "2005.09.25"]
[EventType "team"]
[EventRounds "11"]
[EventCountry "SRB"]
[SourceTitle "EXT 2012"]
[Source "ChessBase"]
[SourceDate "2011.11.24"]
[SourceVersion "1"]
[SourceVersionDate "2011.11.24"]
[SourceQuality "1"]
[WhiteTeam "Novi Pazar INA Dizajn"]
[BlackTeam "Sveti Nikolaj Srpski"]
[WhiteTeamCountry "SRB"]
[BlackTeamCountry "SRB"]

1. d4 c5 2. d5 e5 3. e4 d6 4. Nc3 Be7 5. Nf3 Bg4 6. h3 Bxf3 7. Qxf3 Bg5 8. Bb5+ Kf8 9. Bxg5 Qxg5 10. a4 Ne7 11. Nd1 Qf4 12. Ra3 a6 13. Be2 Nd7 14. a5 Nf6 15. Ra4 Rb8 16. g3 Qxf3 17. Bxf3 Ke8 18. Ne3 Kd7 19. b3 g5 20. Ke2 h5 21. h4 gxh4 22. Rxh4 Ng6 23. Rh1 h4 24. b4 hxg3 25. fxg3 Rxh1 26. Bxh1 Rh8 27. Bg2 cxb4 28. Rxb4 Kc7 29. Rc4+ Kb8 30. Nf5 Rd8 31. Bf3 Rd7 32. Kd3 Ne7 33. Ne3 Rd8 34. Rb4 Rg8 35. g4 Nd7 36. Nc4 Kc7 37. Ke2 Rh8 38. Ne3 Rh2+ 39. Bg2 Ng6 40. Kf2 Nf4 41. Kg3 Rh8 42. Bf3 Rh3+ 43. Kf2 Rh2+ 44. Kg3 Rh8 45. Kf2 f6 46. Rb1 b6 47. axb6+ Nxb6 48. Ra1 Nh3+ 49. Kg3 Ng5 50. Bg2 Ra8 51. Ra5 Nd7 52. Nd1 Kb6 53. Ra2 a5 54. Kf2 Nc5 55. Ke3 a4 56. Nc3 Kc7 57. Nb5+ Kd7 58. Nc3 Ra5 59. Bf1 Ra8 60. Nxa4 Kc7 61. Nc3 Rxa2 62. Nxa2 Ngxe4 63. c4 Ng5 64. Nc3 Kd7 65. Be2 Ke7 66. Bd1 Nf7 67. Bc2 Nd8 68. Ne2 Ndb7 69. Kd2 Nd8 70. Ng3 Nf7 71. Nf5+ Kd7 72. Kc3 Ng5 73. Ng3 1/2-1/2